[Event "ch-RUS Blitz 2017"]
[Site "Sochi RUS"]
[Date "2017.10.02"]
[Round "5.25"]
[White "Potapov, Pavel"]
[Black "Mnatsakanian, Arsen"]
[Result "1-0"]
[WhiteTitle "GM"]
[WhiteElo "2479"]
[BlackElo "2200"]
[WhiteFideId "4169786"]
[BlackFideId "24189820"]
[EventDate "2017.10.02"]
[EventType "blitz"]

1. e4 c5 2. c3 e5 3. Nf3 d6 4. Bc4 Nc6 5. O-O Be7 6. d4 cxd4 7. cxd4 Nf6 8. Nc3
O-O 9. d5 Nb8 10. h3 a6 11. a4 Nbd7 12. Be3 Qc7 13. Bd3 Nc5 14. Bc2 Qa5 15. Qe2
Qb4 16. Na2 Qxb2 17. Rfb1 Qxb1+ 18. Rxb1 Ncxe4 19. Bb6 Nc5 20. Bxc5 dxc5 21.
Qxe5 Re8 22. d6 Bf8 23. Qxc5 Bd7 24. Bb3 Rac8 25. Qb4 Be6 26. Bxe6 Rxe6 27. Qxb7
Rd8 28. Qxa6 Rexd6 29. Qe2 Re6 30. Qc2 Ne4 31. Re1 Rde8 32. a5 Bc5 33. Rxe4
Bxf2+ 34. Qxf2 Rxe4 35. Nc3 Rc4 36. Qd2 h6 37. Nd5 Rc5 38. a6 Ra8 39. Nb4 Rb5
40. Nd4 Rb6 41. Ndc6 Raxa6 42. Nxa6 Rxc6 43. Nb4 1-0

[Event "ch-RUS Blitz 2017"]
[Site "Sochi RUS"]
[Date "2017.10.02"]
[Round "5.26"]
[White "Bargandzhiya, Zaza"]
[Black "Usmanov, Vasily"]
[Result "0-1"]
[BlackTitle "IM"]
[WhiteElo "2094"]
[BlackElo "2459"]
[WhiteFideId "24180866"]
[BlackFideId "4135741"]
[EventDate "2017.10.02"]
[EventType "blitz"]

1. e4 Nc6 2. Nf3 d6 3. d4 Nf6 4. Nc3 Bg4 5. d5 Nb8 6. h3 Bxf3 7. Qxf3 g6 8. Bd3
Bg7 9. Bd2 Nbd7 10. O-O-O a6 11. g4 b5 12. Kb1 c5 13. dxc6 Ne5 14. Qe2 Nxc6 15.
f4 O-O 16. h4 Nd4 17. Qg2 b4 18. Nd5 Nxd5 19. exd5 a5 20. h5 b3 21. axb3 a4 22.
hxg6 axb3 23. cxb3 Nxb3 24. Bc3 Bxc3 25. bxc3 Qb6 26. Qg1 Nd4+ 27. Kc1 Ra1+ 28.
Kd2 Nf3+ 0-1

[Event "ch-RUS Blitz 2017"]
[Site "Sochi RUS"]
[Date "2017.10.02"]
[Round "5.27"]
[White "Popov, Mikhail"]
[Black "Zhakamukhov, Eduard"]
[Result "1-0"]
[WhiteTitle "FM"]
[WhiteElo "2416"]
[BlackElo "1882"]
[WhiteFideId "4146182"]
[BlackFideId "34172316"]
[EventDate "2017.10.02"]
[EventType "blitz"]

1. d4 Nf6 2. Bf4 g6 3. e3 Bg7 4. Nf3 d6 5. Be2 Nbd7 6. h3 O-O 7. O-O Qe8 8. c3
e5 9. Bh2 Qe7 10. a4 Nh5 11. Na3 f5 12. Nb5 c6 13. dxe5 dxe5 14. Nd6 Kh8 15. Qd2
Nhf6 16. Rfd1 Nd5 17. Nc4 b6 18. Bg3 Ba6 19. Bh4 Bf6 20. Bxf6+ N5xf6 21. Qd6
Qxd6 22. Rxd6 Bxc4 23. Bxc4 Rad8 24. Rad1 Rfe8 25. Ng5 Kg7 1-0

[Event "ch-RUS Blitz 2017"]
[Site "Sochi RUS"]
[Date "2017.10.02"]
[Round "5.28"]
[White "Babikov, Ivan"]
[Black "Kobalia, Mikhail"]
[Result "1-0"]
[WhiteTitle "FM"]
[BlackTitle "GM"]
[WhiteElo "2276"]
[BlackElo "2596"]
[WhiteFideId "4161106"]
[BlackFideId "4119150"]
[EventDate "2017.10.02"]
[EventType "blitz"]

1. e4 c5 2. Nf3 e6 3. d4 cxd4 4. Nxd4 a6 5. Be2 Qc7 6. O-O Nf6 7. Nc3 d6 8. f4
Be7 9. Be3 O-O 10. g4 b5 11. g5 Nfd7 12. f5 b4 13. Na4 Nc5 14. Nxc5 dxc5 15. Nb3 1-0

[Event "ch-RUS Blitz 2017"]
[Site "Sochi RUS"]
[Date "2017.10.02"]
[Round "6.1"]
[White "Rakhmanov, Aleksandr"]
[Black "Andreikin, Dmitry"]
[Result "1/2-1/2"]
[WhiteTitle "GM"]
[BlackTitle "GM"]
[WhiteElo "2669"]
[BlackElo "2708"]
[WhiteFideId "4173708"]
[BlackFideId "4158814"]
[EventDate "2017.10.02"]
[EventType "blitz"]

1. c4 e5 2. Nf3 d6 3. d4 e4 4. Ng5 f5 5. Nh3 Nf6 6. Bg5 h6 7. Bxf6 Qxf6 8. e3 g5
9. Nc3 c6 10. Qh5+ Qf7 11. Be2 Bg7 12. Qxf7+ Kxf7 13. Kd2 Nd7 14. f3 exf3 15.
gxf3 f4 16. exf4 Nb6 17. Nf2 Bxd4 18. Nfe4 Ke7 19. fxg5 d5 20. cxd5 cxd5 21. Ng3
hxg5 22. Bd3 Be5 23. Rag1 Bd7 24. Nge2 Bxh2 25. Rxg5 Bf4+ 26. Nxf4 Rxh1 27.
Nfxd5+ Nxd5 28. Nxd5+ Kd6 29. Ne3 Be6 30. Nf5+ Ke5 31. Ng7+ Kd6 32. Rg6 Rh2+ 33.
Ke3 Rxb2 34. Rxe6+ Kc5 35. Re5+ Kd6 36. Re6+ Kc5 37. Re5+ Kb4 38. Rb5+ Ka3 39.
Rxb2 Kxb2 40. Bc4 b5 41. Bxb5 Kxa2 42. f4 a5 43. Bc4+ Kb2 44. f5 a4 45. f6 Rf8
46. Nh5 a3 47. Kf4 Rc8 48. Be6 Rf8 49. Kg5 a2 50. Bxa2 1/2-1/2

[Event "ch-RUS Blitz 2017"]
[Site "Sochi RUS"]
[Date "2017.10.02"]
[Round "6.2"]
[White "Sarana, Alexey"]
[Black "Artemiev, Vladislav"]
[Result "0-1"]
[WhiteTitle "GM"]
[BlackTitle "GM"]
[WhiteElo "2541"]
[BlackElo "2692"]
[WhiteFideId "24133795"]
[BlackFideId "24101605"]
[EventDate "2017.10.02"]
[EventType "blitz"]

1. d4 d5 2. c4 c6 3. Nf3 Nf6 4. Nc3 a6 5. c5 g6 6. g3 Bg7 7. Bg2 O-O 8. O-O Bf5
9. Qb3 Ra7 10. Nh4 Bg4 11. h3 Be6 12. Kh2 Ne4 13. e3 Nd7 14. f4 Nexc5 15. Qc2
Ne4 16. Nxe4 dxe4 17. Bxe4 Bd5 18. Bxd5 cxd5 19. Bd2 Nf6 20. Rac1 Ne4 21. Bb4 a5
22. Ba3 b5 23. Bc5 Rc7 24. Qd3 Qd7 25. a3 b4 26. axb4 axb4 27. Nf3 Rfc8 28. b3
Nxc5 29. dxc5 Rxc5 30. Rxc5 Rxc5 31. Rd1 e6 32. Qa6 Bf6 33. Kg2 Rc3 34. Rd3 Qc7
35. g4 h6 36. Kg3 g5 37. Qb5 d4 38. Kf2 dxe3+ 39. Rxe3 Qa7 0-1

[Event "ch-RUS Blitz 2017"]
[Site "Sochi RUS"]
[Date "2017.10.02"]
[Round "6.3"]
[White "Demidov, Mikhail"]
[Black "Sjugirov, Sanan"]
[Result "1/2-1/2"]
[WhiteTitle "IM"]
[BlackTitle "GM"]
[WhiteElo "2521"]
[BlackElo "2650"]
[WhiteFideId "4197143"]
[BlackFideId "4189302"]
[EventDate "2017.10.02"]
[EventType "blitz"]

1. Nf3 Nf6 2. g3 d5 3. Bg2 c6 4. O-O Bg4 5. b3 Nbd7 6. Bb2 e6 7. c4 Bd6 8. d3
O-O 9. Qc2 a5 10. Nc3 Qe7 11. h3 Bh5 12. a3 Rfe8 13. Rfe1 Bg6 14. Nh4 d4 15.
Nxg6 hxg6 16. Nb1 Bc5 17. Nd2 e5 18. Bc1 Nf8 19. Qb2 Ne6 20. Rb1 Bd6 21. b4 axb4
22. axb4 Qc7 23. c5 Bf8 24. Nc4 Rad8 25. Ra1 Nd5 26. Bd2 f5 27. Qb3 Kh7 28. Ra7
Qb8 29. Rea1 Nf6 30. Qb1 Nc7 31. R7a2 Nb5 32. Nb6 Qc7 33. Ra8 Rxa8 34. Rxa8 Rxa8
35. Nxa8 Qf7 36. Nb6 Qe6 37. e3 dxe3 38. Bxe3 Be7 39. Qa1 Bd8 40. Qa8 Bxb6 41.
cxb6 Qd7 42. Qb8 e4 43. dxe4 Nxe4 44. Bxe4 fxe4 45. Kg2 Nc3 46. Qc7 Qd1 47. Qe7
Qf3+ 48. Kh2 Nd5 49. Qh4+ Kg8 50. Qd8+ Kh7 51. Qh4+ Kg8 52. Qd8+ Kh7 53. Qh4+
Kg8 54. Qd8+ Qf8 55. Qxf8+ Kxf8 56. Bc5+ Kf7 57. g4 g5 58. Kg3 Ke6 59. h4 gxh4+
60. Kxh4 Kf6 61. Bd4+ Kg6 62. Bc5 Kf6 63. Bd4+ Kg6 64. Bc5 Nf4 65. Kg3 Nd3 66.
f4 exf3 67. Kxf3 Kf6 68. Ke4 Nxc5+ 69. bxc5 Ke6 70. Kd4 Kf6 71. Ke4 Ke6 72. Kd4
Kf6 73. Ke4 1/2-1/2

[Event "ch-RUS Blitz 2017"]
[Site "Sochi RUS"]
[Date "2017.10.02"]
[Round "6.4"]
[White "Tsydypov, Zhamsaran"]
[Black "Korotylev, Alexey"]
[Result "1/2-1/2"]
[WhiteTitle "IM"]
[BlackTitle "GM"]
[WhiteElo "2529"]
[BlackElo "2573"]
[WhiteFideId "4108566"]
[BlackFideId "4119142"]
[EventDate "2017.10.02"]
[EventType "blitz"]

1. e4 d6 2. d4 g6 3. Nc3 Bg7 4. h4 Nf6 5. Be3 a6 6. Qd2 b5 7. f3 Bb7 8. g4 h5 9.
g5 Nfd7 10. O-O-O O-O 11. Kb1 e6 12. Nce2 Nb6 13. Nc1 N8d7 14. Nb3 Rc8 15. Nh3
Qe7 16. Nf2 Rfd8 17. Na5 Ba8 18. Be2 c5 19. Qe1 c4 20. Qb4 Bf8 21. d5 exd5 22.
Rhe1 dxe4 23. fxe4 Nc5 24. Bd4 Bg7 25. Bxg7 Kxg7 26. Bf3 Qe5 27. b3 Kg8 28. Qd2
Rc7 29. Qd4 Qxd4 30. Rxd4 Ne6 31. Rd2 Kf8 32. Red1 Ke7 33. Be2 Nc5 34. Bf3 Rdd7
35. Bg2 Ne6 36. Bh3 Rc5 37. a3 Re5 38. Bxe6 Rxe6 39. Rd4 Rc7 40. Kb2 c3+ 41. Kb1
Nd7 42. Re1 Nc5 43. b4 Na4 44. Nb3 Nb6 45. Rd3 Nc4 46. Ka2 Ne5 47. Rg3 Bb7 48.
Nd4 Rc4 49. Nxe6 fxe6 50. Ree3 d5 51. exd5 Bxd5 52. Kb1 Rf4 53. Rxe5 Rxf2 54.
Rxc3 Rh2 55. Re1 Rxh4 56. Rc7+ Kd6 57. Ra7 Rg4 58. Rxa6+ Kd7 59. Ra7+ Kd6 60.
Ra6+ Kd7 61. Ra7+ Kd6 62. Ra6+ Kd7 1/2-1/2

[Event "ch-RUS Blitz 2017"]
[Site "Sochi RUS"]
[Date "2017.10.02"]
[Round "6.5"]
[White "Savchenko, Boris"]
[Black "Kezin, Roman"]
[Result "1-0"]
[WhiteTitle "GM"]
[BlackTitle "FM"]
[WhiteElo "2581"]
[BlackElo "2455"]
[WhiteFideId "4147332"]
[BlackFideId "24124621"]
[EventDate "2017.10.02"]
[EventType "blitz"]

1. e4 c5 2. Nf3 e6 3. d4 cxd4 4. Nxd4 Nc6 5. Nc3 Qc7 6. a3 a6 7. Be3 b5 8. f4
Nxd4 9. Qxd4 Ne7 10. O-O-O Nc6 11. Qb6 Bd6 12. e5 Qxb6 13. Bxb6 Be7 14. Ne4 f6
15. exf6 gxf6 16. Nd6+ Bxd6 17. Rxd6 Bb7 18. Be2 Ne7 19. Bh5+ Ng6 20. f5 exf5
21. Re1+ Be4 22. Rxf6 Rf8 23. Rd6 Rc8 24. c3 Rc6 25. Rxc6 dxc6 26. Bf3 Kf7 27.
Bxe4 Re8 28. Rf1 Rxe4 29. Rxf5+ Ke6 30. Rf2 Nf4 31. Kc2 Kd5 32. Bc7 Ne6 33. Rd2+
Kc5 34. Bg3 Kb6 35. Kd1 Kb7 36. Re2 Rxe2 37. Kxe2 Nc5 38. Be5 Kc8 39. Bd4 Ne6
40. Kf3 c5 41. Be5 c4 42. Bd4 Kd7 43. Ke4 Kd6 44. h4 Nd8 45. g4 Ke6 46. g5 Nf7
47. Kf4 Nd6 48. h5 Nf5 49. g6 hxg6 50. hxg6 a5 51. g7 Ne7 52. Ke4 Kd6 53. Bf6
Ng8 54. Bg5 Ke6 55. Kd4 1-0

[Event "ch-RUS Blitz 2017"]
[Site "Sochi RUS"]
[Date "2017.10.02"]
[Round "6.6"]
[White "Potkin, Vladimir"]
[Black "Zvjaginsev, Vadim"]
[Result "0-1"]
[WhiteTitle "GM"]
[BlackTitle "GM"]
[WhiteElo "2574"]
[BlackElo "2643"]
[WhiteFideId "4131061"]
[BlackFideId "4113403"]
[EventDate "2017.10.02"]
[EventType "blitz"]

1. e4 d6 2. d4 Nf6 3. Nc3 g6 4. Nf3 Bg7 5. Be2 O-O 6. O-O c5 7. d5 Bg4 8. h3
Bxf3 9. Bxf3 Nbd7 10. Be2 Ne8 11. Bg5 h6 12. Be3 Nc7 13. Qd2 Kh7 14. a4 b6 15.
f4 a6 16. Rad1 Rb8 17. e5 b5 18. axb5 Nxb5 19. Ne4 Nd4 20. c3 Nf5 21. Bf2 dxe5
22. Bg4 Nd6 23. Nxc5 Nxc5 24. Bxc5 Ne4 25. Qe3 Nxc5 26. Qxc5 Rxb2 27. f5 Qd6 28.
Qe3 h5 29. fxg6+ fxg6 30. Rxf8 Bxf8 31. Be6 Bh6 32. Qf3 Qc5+ 33. Kh1 Qf2 34. Rf1
Qxf3 35. Rxf3 Bg5 36. g3 h4 37. gxh4 Bxh4 38. c4 Rc2 39. Ra3 e4 40. Re3 Rxc4 41.
d6 Rc1+ 42. Kg2 Rc2+ 43. Kf1 exd6 44. Rxe4 Bd8 45. Rd4 Bc7 46. Rf4 a5 47. h4 Kh6
48. Rf8 Rc5 49. Kg2 a4 50. Ra8 Ra5 51. Rc8 Bb6 52. Rg8 a3 53. Bf7 a2 0-1

[Event "ch-RUS Blitz 2017"]
[Site "Sochi RUS"]
[Date "2017.10.02"]
[Round "6.7"]
[White "Grachev, Boris"]
[Black "Oganian, Miran"]
[Result "1-0"]
[WhiteTitle "GM"]
[BlackTitle "IM"]
[WhiteElo "2654"]
[BlackElo "2454"]
[WhiteFideId "4129199"]
[BlackFideId "4122488"]
[EventDate "2017.10.02"]
[EventType "blitz"]

1. d4 Nf6 2. Bf4 d5 3. e3 c5 4. c3 Nc6 5. Nd2 Bf5 6. Ngf3 e6 7. Nh4 Bg4 8. Qb3
Qc8 9. h3 Bh5 10. g4 Bg6 11. Nxg6 hxg6 12. Bg2 Be7 13. O-O O-O 14. Rac1 c4 15.
Qc2 b5 16. e4 dxe4 17. Nxe4 Nd5 18. Bh2 Qd7 19. Nc5 Bxc5 20. dxc5 Rfc8 21. Rcd1
Nd8 22. Bd6 Nb7 23. Bxd5 exd5 24. Rxd5 Nxc5 25. Rxc5 Qxd6 26. Rxb5 Qf4 27. Qd1
Re8 28. Rd5 Rab8 29. Rd4 Qh6 30. Qf3 Rxb2 31. Rd7 f5 32. Rxa7 Re4 33. Rd1 Qg5
34. Ra8+ Kh7 35. Rdd8 Qc1+ 36. Kg2 Kh6 37. Rh8+ Kg5 38. Raf8 1-0

[Event "ch-RUS Blitz 2017"]
[Site "Sochi RUS"]
[Date "2017.10.02"]
[Round "6.8"]
[White "Palchun, Grigory"]
[Black "Timofeev, Artyom"]
[Result "1/2-1/2"]
[BlackTitle "GM"]
[WhiteElo "2441"]
[BlackElo "2549"]
[WhiteFideId "24147338"]
[BlackFideId "4140419"]
[EventDate "2017.10.02"]
[EventType "blitz"]

1. d4 Nf6 2. Bf4 g6 3. e3 Bg7 4. Nf3 O-O 5. Be2 b6 6. h3 Bb7 7. c4 d5 8. Nc3
dxc4 9. Bxc4 a6 10. a4 Nbd7 11. O-O e6 12. Qc2 c5 13. Ne5 cxd4 14. exd4 Nd5 15.
Nxd5 exd5 16. Be2 Rc8 17. Qb3 Re8 18. Nxd7 Qxd7 1/2-1/2

[Event "ch-RUS Blitz 2017"]
[Site "Sochi RUS"]
[Date "2017.10.02"]
[Round "6.9"]
[White "Pridorozhni, Aleksei"]
[Black "Moskalenko, Alexander"]
[Result "0-1"]
[WhiteTitle "GM"]
[BlackTitle "IM"]
[WhiteElo "2565"]
[BlackElo "2531"]
[WhiteFideId "4127870"]
[BlackFideId "4155351"]
[EventDate "2017.10.02"]
[EventType "blitz"]

1. e4 c6 2. Nc3 d5 3. Qe2 d4 4. Nd1 e5 5. g3 Bd6 6. Bg2 c5 7. d3 Nc6 8. f4 exf4
9. gxf4 f6 10. Nf3 Nge7 11. O-O Qc7 12. Nh4 Be6 13. e5 fxe5 14. f5 Bf7 15. Nf2
O-O-O 16. Ne4 Nd5 17. Kh1 Nf4 18. Qg4 Nxg2 19. Nxg2 Kb8 20. Qxg7 Rhg8 21. Qh6
Nb4 22. Rf2 c4 23. a3 Nd5 24. Bg5 Be7 25. Bxe7 Qxe7 26. Re1 cxd3 27. cxd3 Ne3
28. Nxe3 dxe3 29. Qxe3 Qh4 30. Rg1 Bd5 31. Rxg8 Rxg8 32. Rg2 Rxg2 33. Kxg2 Qg4+
34. Kf2 Qxf5+ 35. Ke1 Bxe4 36. dxe4 Qh5 37. Qg3 a6 38. Kd2 Ka7 39. h4 Qe8 40.
Qf2+ Ka8 41. Qc5 Qd8+ 42. Kc3 Qf6 43. Kc4 h5 44. Qc8+ Ka7 45. Qf5 Qc6+ 46. Kd3
Qb5+ 47. Kc3 Qc5+ 48. Kd2 Qd4+ 49. Kc2 Qc4+ 50. Kb1 Qd4 51. Qxh5 Qxe4+ 52. Kc1
Qe3+ 53. Kc2 e4 54. Qe5 Qd3+ 55. Kc1 e3 56. Qc3 Qf1+ 57. Kc2 e2 58. Qd4+ Kb8 59.
Qd6+ Kc8 60. Qc5+ Kd7 61. Qd5+ Ke7 62. Qxb7+ Kf6 63. Qxa6+ Kf5 64. Qb5+ Kg4 65.
Qc4+ Kg3 66. Qg8+ Kh3 67. Qc8+ Kh2 68. Qc7+ Kg2 69. Qg7+ Kh1 70. Qb7+ Qg2 71.
Qe7 e1=Q+ 0-1

[Event "ch-RUS Blitz 2017"]
[Site "Sochi RUS"]
[Date "2017.10.02"]
[Round "6.10"]
[White "Rozum, Ivan"]
[Black "Bocharov, Dmitry"]
[Result "0-1"]
[WhiteTitle "GM"]
[BlackTitle "GM"]
[WhiteElo "2590"]
[BlackElo "2585"]
[WhiteFideId "24104272"]
[BlackFideId "4138716"]
[EventDate "2017.10.02"]
[EventType "blitz"]

1. e4 d6 2. d4 Nf6 3. Nc3 g6 4. Nf3 Bg7 5. Be2 O-O 6. O-O a6 7. a4 b6 8. e5 Ne8
9. Re1 c5 10. dxc5 bxc5 11. Bc4 e6 12. Bg5 Qd7 13. exd6 Nxd6 14. Qe2 Nc6 15.
Rad1 Nd4 16. Nxd4 cxd4 17. Ne4 Nxe4 18. Qxe4 Bb7 19. Qh4 Qxa4 20. b3 Qc6 21. f3
e5 22. Rd2 Rfe8 23. Rde2 a5 24. Bh6 Qc5 25. Bxg7 Kxg7 26. Bd3 Ba6 27. Qg3 f6 28.
f4 exf4 29. Qxf4 Rxe2 30. Rxe2 Bxd3 31. cxd3 Rc8 32. Kf2 Rc7 33. h4 Rd7 34. Re6
Rf7 35. Kg3 Qd5 36. Rb6 Qc5 37. Rb8 Qc3 38. Qe4 Qc5 39. Kh3 Re7 40. Qa8 Qf5+ 41.
Kh2 Qf4+ 42. g3 Re2+ 0-1

[Event "ch-RUS Blitz 2017"]
[Site "Sochi RUS"]
[Date "2017.10.02"]
[Round "6.11"]
[White "Alekseev, Evgeny"]
[Black "Yuffa, Daniil"]
[Result "1-0"]
[WhiteTitle "GM"]
[BlackTitle "GM"]
[WhiteElo "2622"]
[BlackElo "2527"]
[WhiteFideId "4138147"]
[BlackFideId "24131423"]
[EventDate "2017.10.02"]
[EventType "blitz"]

1. d4 Nf6 2. Bf4 g6 3. Nc3 d5 4. Qd2 Bg7 5. f3 c5 6. e3 Nc6 7. Nge2 Nh5 8. Bg5
O-O 9. dxc5 Nf6 10. O-O-O Qa5 11. Bxf6 Bxf6 12. Nxd5 Qxa2 13. Nxf6+ exf6 14. Qc3
Be6 15. Nd4 Nxd4 16. exd4 b6 17. Bd3 Rac8 18. h4 bxc5 19. dxc5 Qa4 20. h5 Qf4+
21. Kb1 Qe5 22. hxg6 hxg6 23. Qxe5 fxe5 24. b4 a5 25. c3 Rb8 26. Rh4 g5 27. Re4
f6 28. Bc4 Bxc4 29. Rxc4 Rfc8 30. Kc2 Kf7 31. Rd7+ Kg6 32. g4 Rc6 33. Kb3 Ra6
34. Rd1 f5 35. gxf5+ Kxf5 36. c6 axb4 37. cxb4 Rab6 38. Rd6 Rc8 39. Kc3 Ra6 40.
b5 Ra3+ 41. Kb4 Rxf3 42. b6 Rf1 43. c7 Rb1+ 44. Kc5 g4 45. Rd8 1-0

[Event "ch-RUS Blitz 2017"]
[Site "Sochi RUS"]
[Date "2017.10.02"]
[Round "6.12"]
[White "Jakovenko, Dmitry"]
[Black "Moiseenko, Vadim"]
[Result "1-0"]
[WhiteTitle "GM"]
[BlackTitle "IM"]
[WhiteElo "2710"]
[BlackElo "2558"]
[WhiteFideId "4122356"]
[BlackFideId "4123700"]
[EventDate "2017.10.02"]
[EventType "blitz"]

1. e4 c6 2. d4 d5 3. e5 Bf5 4. Nf3 e6 5. Be2 c5 6. Be3 Qb6 7. Nc3 Nc6 8. O-O
Qxb2 9. Qe1 cxd4 10. Nxd4 Bb4 11. Ndb5 Bxc3 12. Nxc3 d4 13. Nb5 dxe3 14. Nc7+
Kf8 15. Nxa8 Qxe5 16. Bf3 Nge7 17. Qxe3 Qb8 18. Nb6 axb6 19. Qxb6 Nd5 20. Bxd5
exd5 21. Rab1 Qc8 22. Qxb7 Qxb7 23. Rxb7 g6 24. Rd1 Be6 25. Rb6 Ne7 26. Rb8+ Nc8
27. a4 Kg7 28. a5 Rd8 29. a6 Rd7 30. Rb7 Rd6 31. Ra1 Rc6 32. a7 Nxa7 33. Rbxa7
Rxc2 34. Rd1 Kf6 35. h4 h5 36. Ra4 Rb2 37. f3 Rc2 38. Kh2 Rb2 39. Kg3 Re2 40.
Rad4 Ra2 41. R1d2 Ra3 42. Kf4 Ra1 43. Rb2 Rf1 44. Rb6 Kg7 45. Ke5 Re1+ 46. Kf4
Re2 47. g4 hxg4 48. fxg4 Rg2 49. g5 Rf2+ 50. Ke5 Re2+ 51. Kd6 Re1 52. Ra4 Re2
53. Rb8 Rh2 54. Raa8 1-0

[Event "ch-RUS Blitz 2017"]
[Site "Sochi RUS"]
[Date "2017.10.02"]
[Round "6.13"]
[White "Dubov, Daniil"]
[Black "Sharafiev, Azat"]
[Result "1-0"]
[WhiteTitle "GM"]
[BlackTitle "IM"]
[WhiteElo "2666"]
[BlackElo "2433"]
[WhiteFideId "24126055"]
[BlackFideId "4186214"]
[EventDate "2017.10.02"]
[EventType "blitz"]

1. c4 c5 2. Nf3 Nc6 3. d4 cxd4 4. Nxd4 g6 5. e4 Nf6 6. Nc3 Nxd4 7. Qxd4 d6 8.
Be3 Bg7 9. f3 O-O 10. Qd2 a5 11. Be2 a4 12. O-O Be6 13. Rab1 Qa5 14. Rfc1 Rfc8
15. b3 axb3 16. axb3 Qb4 17. Rc2 Nd7 18. Nb5 Qxd2 19. Rxd2 Nc5 20. g4 Bd7 21.
Kg2 Bxb5 22. cxb5 Ra3 23. Rc2 Rb8 24. b6 Rxb3 25. Rxb3 Nxb3 26. Rc7 Bd4 27. Kf2
Kf8 28. Bc4 Bxe3+ 29. Kxe3 Nc5 30. e5 Na6 31. exd6 exd6 32. Rxf7+ Ke8 33. Rxh7
Rc8 34. Bxa6 bxa6 35. b7 1-0

[Event "ch-RUS Blitz 2017"]
[Site "Sochi RUS"]
[Date "2017.10.02"]
[Round "6.14"]
[White "Khismatullin, Denis"]
[Black "Gochelashvili, David"]
[Result "1-0"]
[WhiteTitle "GM"]
[BlackTitle "IM"]
[WhiteElo "2628"]
[BlackElo "2432"]
[WhiteFideId "4142578"]
[BlackFideId "4161203"]
[EventDate "2017.10.02"]
[EventType "blitz"]

1. Nf3 g6 2. c4 Bg7 3. d4 d6 4. Nc3 Nd7 5. e4 e5 6. Be2 Ne7 7. O-O O-O 8. Re1 h6
9. Bf1 a6 10. Be3 f5 11. exf5 Nxf5 12. dxe5 Nxe5 13. Nxe5 Bxe5 14. g3 c6 15. c5
Nxe3 16. Rxe3 Bxc3 17. bxc3 dxc5 18. Qb3+ Kh8 19. Rae1 Qf6 20. f4 Rf7 21. Re8+
Kh7 22. Bc4 Rc7 23. Qb6 Rg7 24. Rd8 h5 25. Ree8 Re7 26. Rh8+ Kg7 27. Rdg8# 1-0

[Event "ch-RUS Blitz 2017"]
[Site "Sochi RUS"]
[Date "2017.10.02"]
[Round "6.15"]
[White "Fedoseev, Vladimir3"]
[Black "Tekeyev, Zaur"]
[Result "1-0"]
[WhiteTitle "GM"]
[BlackTitle "FM"]
[WhiteElo "2731"]
[BlackElo "2380"]
[WhiteFideId "24130737"]
[BlackFideId "4199731"]
[EventDate "2017.10.02"]
[EventType "blitz"]

1. b3 e5 2. Bb2 Nc6 3. e4 Nf6 4. Nf3 Nxe4 5. Qe2 d5 6. d3 Nf6 7. Nxe5 Nxe5 8.
Bxe5 Be6 9. g3 Bd6 10. Bg2 O-O 11. Bxd6 Qxd6 12. O-O Bg4 13. Qd2 Rfe8 14. Nc3 c6
15. h3 Bf5 16. Ne2 a5 17. a4 Qb4 18. Qxb4 axb4 19. Nd4 Bd7 20. f4 Re7 21. Nf3
Ne8 22. Kf2 Nd6 23. Ne5 Nf5 24. Rfe1 Nd4 25. Rac1 Kf8 26. g4 Rae8 27. Ke3 Ne6
28. Nxd7+ Rxd7 29. f5 d4+ 30. Kf3 Nc7 31. Re4 Rxe4 32. dxe4 f6 33. Bf1 Ke7 34.
Rd1 c5 35. Kf4 Kd6 36. h4 h6 37. Bd3 Na8 38. Rg1 Nb6 39. a5 Nc8 40. g5 hxg5+ 41.
hxg5 Re7 42. gxf6 gxf6 43. Rg6 Rf7 44. Bc4 Rf8 45. e5+ Ke7 46. Rg7+ Kd8 47. Rxb7
fxe5+ 48. Kxe5 Rxf5+ 49. Kxf5 Nd6+ 50. Ke6 Nxb7 51. a6 Kc7 52. a7 1-0

[Event "ch-RUS Blitz 2017"]
[Site "Sochi RUS"]
[Date "2017.10.02"]
[Round "6.16"]
[White "Morozevich, Alexander"]
[Black "Derjabin, Ilja"]
[Result "1-0"]
[WhiteTitle "GM"]
[BlackTitle "IM"]
[WhiteElo "2676"]
[BlackElo "2360"]
[WhiteFideId "4116992"]
[BlackFideId "14104768"]
[EventDate "2017.10.02"]
[EventType "blitz"]

1. d4 Nf6 2. c4 d6 3. Nc3 Bf5 4. f3 e5 5. e4 exd4 6. Qxd4 Nc6 7. Qd2 Bd7 8. b3
g6 9. Bb2 Bg7 10. Bd3 Ne5 11. Bc2 Nh5 12. O-O-O O-O 13. g4 Nf6 14. h4 a5 15. a4
Nc6 16. h5 Nb4 17. Nge2 Nxc2 18. Kxc2 Ra6 19. Nf4 Bc6 20. Qh2 g5 21. h6 Bh8 22.
Nfe2 Nd7 23. Nd4 Bxd4 24. Rxd4 Ne5 25. Qg3 Qf6 26. Rf1 Ng6 27. Nd1 Qe7 28. Ne3
Re8 29. Nf5 Qd8 30. Qe1 Bd7 31. Qc3 Ne5 32. Ng7 Qf6 33. Rd5 Re7 34. Nh5 Qg6 35.
Kb1 f5 36. exf5 Bxf5+ 37. Ka2 Bd7 38. f4 gxf4 39. Rxf4 Rf7 40. Rxe5 dxe5 41.
Qxe5 Rxf4 42. Nxf4 Qxg4 43. Qh8+ Kf7 44. Qxh7+ Ke8 45. Nd5 Rc6 46. Qe7# 1-0

[Event "ch-RUS Blitz 2017"]
[Site "Sochi RUS"]
[Date "2017.10.02"]
[Round "6.17"]
[White "Popov, Ivan RUS"]
[Black "Tsoi, Dmitry"]
[Result "1-0"]
[WhiteTitle "GM"]
[BlackTitle "FM"]
[WhiteElo "2599"]
[BlackElo "2361"]
[WhiteFideId "4170350"]
[BlackFideId "24194697"]
[EventDate "2017.10.02"]
[EventType "blitz"]

1. e4 c5 2. Nf3 d6 3. d4 Nf6 4. dxc5 Nxe4 5. cxd6 Nc6 6. dxe7 Qxd1+ 7. Kxd1
Nxf2+ 8. Ke1 Nxh1 9. exf8=Q+ Rxf8 10. Be3 Bf5 11. Bb5 O-O-O 12. Nbd2 Nb4 13. Ke2
a6 14. Ba4 b5 15. Bb3 Rfe8 16. Rxh1 a5 17. a3 a4 18. axb4 axb3 19. Nxb3 Kb8 20.
Nfd4 Be4 21. Kf2 f5 22. Nc5 h6 23. Nxe4 Rd7 24. Nc5 Rf7 25. Bf4+ 1-0

[Event "ch-RUS Blitz 2017"]
[Site "Sochi RUS"]
[Date "2017.10.02"]
[Round "6.18"]
[White "Gubsky, Egor"]
[Black "Alekseenko, Kirill"]
[Result "0-1"]
[WhiteTitle "FM"]
[BlackTitle "GM"]
[WhiteElo "2303"]
[BlackElo "2563"]
[WhiteFideId "4194055"]
[BlackFideId "4135539"]
[EventDate "2017.10.02"]
[EventType "blitz"]

1. d4 d5 2. c4 dxc4 3. Nf3 a6 4. e3 Bg4 5. Bxc4 e6 6. O-O Nf6 7. h3 Bh5 8. Be2
Nc6 9. Nc3 Bd6 10. b3 O-O 11. Bb2 Qe8 12. e4 Bxf3 13. Bxf3 Rd8 14. d5 Be5 15.
Qc1 Nb4 16. Rd1 exd5 17. exd5 a5 18. a3 Na6 19. Re1 Nc5 20. Qc2 Nfd7 21. Bg4 Qe7
22. Bxd7 Nxd7 23. Nb5 Qf6 24. Bxe5 Nxe5 25. Qxc7 Nd3 26. Rf1 Rxd5 27. Rad1 Qg6
28. Qxb7 Nf4 29. g3 Nxh3+ 30. Kg2 Nf4+ 31. Kg1 Qe4 32. gxf4 Qg6+ 0-1